000 00671nam a2200241 i 4500
001 C2-0171698
003 PPAK
005 20180728093846.0
008 980819s1983 my a|||| ||||| | may d
022 _a0126-8988
040 _aPPAK
_beng
_cPPAK
_erda
082 0 4 _a959.5118
_2 23
090 0 0 _a959.5118
_bJUR
_dKAH
245 0 0 _aJurnal sejarah Melaka
264 1 _aMelaka :
_bPersatuan Sejarah Malaysia Cawangan Melaka ,
_c1983
300 _a80 pages :
_billustrations ;
_c26 cm
336 _2rdacontent
_atext
337 _2rdamedia
_aunmediated
338 _2rdacarrier
_avolume
500 _aBil. 8, 1983
650 1 0 _aHistory - Periodicals
942 _ddc
_cB
999 _c154752
_d154752